Sports Quiz

Random Sports or Basketball Quiz

NCAA Basketball Preseason #1s (AP) Quiz Stats

 Plays Quiz Updated Oct 4, 2018

Score 0/58 Timer 04:00
0 Plays Today
Season School % Correct
2017-18Duke
97.7%
1978-79Duke
97.5%
1988-89Duke
97.5%
1991-92Duke
97.5%
1998-99Duke
97.5%
2001-02Duke
97.5%
2005-06Duke
97.5%
2016-17Duke
97.2%
1977-78North Carolina
96.7%
1981-82North Carolina
96.7%
1983-84North Carolina
96.7%
1986-87North Carolina
96.7%
1993-94North Carolina
96.7%
2007-08North Carolina
96.7%
2008-09North Carolina
96.7%
2011-12North Carolina
94.5%
2013-14Kentucky
94.1%
2014-15Kentucky
94.1%
2015-16North Carolina
93.8%
1965-66UCLA
92.1%
1966-67UCLA
92.1%
1967-68UCLA
92.1%
1968-69UCLA
92.1%
1970-71UCLA
92.1%
1971-72UCLA
92.1%
1972-73UCLA
92.1%
1973-74UCLA
92.1%
2018-19Kansas
89.3%
1980-81Kentucky
88.9%
Season School % Correct
1995-96Kentucky
88.9%
2004-05Kansas
88.1%
2009-10Kansas
88.1%
1964-65Michigan
87%
1976-77Michigan
87%
1992-93Michigan
87%
2006-07Florida
84.6%
2012-13Indiana
75.9%
1975-76Indiana
74.5%
1979-80Indiana
74.5%
1961-62Ohio State
74.2%
1987-88Syracuse
71.1%
1999-2000Connecticut
70%
2003-04Connecticut
70%
1984-85Georgetown
66.5%
1997-98Arizona
64.6%
2000-01Arizona
64.6%
2002-03Arizona
64.6%
1989-90UNLV
57.4%
1990-91UNLV
57.4%
1974-75North Carolina State
54.3%
1982-83Virginia
42.4%
1994-95Arkansas
40.5%
2010-11Duke
39.6%
1985-86Georgia Tech
37.8%
1962-63Cincinnati
32.9%
1996-97Cincinnati
32.9%
1969-70South Carolina
15.1%
1963-64Loyola Chicago
9.1%

You're not logged in!

Compare scores with friends on all Sporcle quizzes.
OR
Log In

Sporcle TV

Today on Sporcle TV


Watch our educational content, quiz creation guides, and fun videos on Sporcle TV.

Show Comments

Extras

Top Quizzes Today


Score Distribution

Your Account Isn't Verified!

In order to create a playlist on Sporcle, you need to verify the email address you used during registration. Go to your Sporcle Settings to finish the process.

Report this User

Report this user for behavior that violates our Community Guidelines.

Details: